Κατάλογος Βιβλιοθηκών Mediterranean College

Εισαγωγή εις τον Νέον Ελληνισμόν / Κοινωνιολογία της Πολιτικής και Πνευματικής Ζωής (Record no. 484)

MARC details
000 -LEADER
fixed length control field 01124cam a22001934a 4500
005 - ΗΜΕΡΟΜΗΝΙΑ ΚΑΙ ΩΡΑ ΤΕΛΕΥΤΑΙΑΣ ΕΝΗΜΕΡΩΣΗΣ
Πεδίο ελέγχου 20250605163936.0
008 - FIXED-LENGTH DATA ELEMENTS--GENERAL INFORMATION
Πεδίο ελέγχου σταθερού μήκους 250528s ||||||||||||||||||||||||d
035 ## - SYSTEM CONTROL NUMBER
System control number 14873
040 ## - ΠΗΓΗ ΚΑΤΑΛΟΓΟΓΡΑΦΗΣΗΣ
Φορέας πρωτότυπης καταλογογράφησης MC Athens Campus Library
Γλώσσα καταλογογράφησης Ελληνικά, Μοντέρνα (1453-)
Modifying agency MC Athens Campus Library
Κανόνες περιγραφικής καταλογογράφησης AACR2
245 1# - ΤΙΤΛΟΣ ΚΑΙ ΔΗΛΩΣΗ ΥΠΕΥΘΥΝΟΤΗΤΑΣ
Τίτλος Εισαγωγή εις τον Νέον Ελληνισμόν / Κοινωνιολογία της Πολιτικής και Πνευματικής Ζωής
250 ## - EDITION STATEMENT
Edition statement
260 ## - PUBLICATION, DISTRIBUTION, ETC.
Name of publisher, distributor, etc. Τυπογραφείον Πατρίς Α.Ε,
Date of publication, distribution, etc. 1971
300 ## - PHYSICAL DESCRIPTION
Extent 128
520 ## - SUMMARY, ETC.
Summary, etc. Πρόλογος, Η Γένεσις του Νέου Ελληνισμού, Το Πολιτικόν Δέον του Νέου Ελληνισμού, Το Κοινωνικόν Δέον του Νέου Ελληνισμού, Χαρακτηριστικά του Νεοελληνικού Πολιτισμού, Κατευθύνσεις του Νεοελληνικού Πνεύματος: Οι Ελληνοκεντρικοί, Η Κοινωνιολογία του Νέου Ελληνισμού, Σημειώσεις.
700 1# - ΠΡΟΣΘΕΤΗ ΑΝΑΓΡΑΦΗ--ΦΥΣΙΚΟ ΠΡΟΣΩΠΟ
Personal name Τσάκωνα Δημήτρη Γ
9 (RLIN) 658
942 ## - ADDED ENTRY ELEMENTS (KOHA)
Koha item type Books
Holdings
Τύπος τεκμηρίου Βιβλιοθήκη Τρέχουσα τοποθεσία Barcode Αριθμός εισαγωγής Ημερομηνία απόκτησης Ταξιθετικό σύμβολο Αριθμός αντιτύπου Κατάσταση απόσυρσης Κατάσταση χαμένου Κατάσταση κατεστραμμένου Μη δανεισμός Σύνολο δανεισμών Ημερομηνία τελευταίας εμφάνισης Η τιμή ισχύει από
Books MC Athens Campus Library MC Athens Campus Library 9780000004833 5766 05/06/2025 306.09495 TSA 1           05/06/2025 05/06/2025

MC Athens Campus Library
Πατησίων 94 & Κοδριγκτώνος 13, 104 34
Πελλήνης 8 & Πατησίων 107, 112 51
Τ: +30 210 8899600

MC Thessaloniki Campus Library
Ίωνος Δραγούμη 21, 54625 | Ίωνος Δραγούμη 15, 54625
Τ: +30 2310 287779 – Τ: +30 2314 440300